| 000 | 00655cam1a220024100 4500 | ||
|---|---|---|---|
| 001 | lce00103642 | ||
| 008 | 760917s1975 oncac 000 0 eng d | ||
| 010 | _acn 76006329 | ||
| 015 | _aC76006329X | ||
| 020 |
_c _8.95 pa. : _c _3.95 |
||
| 035 | _a(Sirsi) r16562 | ||
| 035 | _a(DLC)cn 76006329 | ||
| 035 | _a(UPRA)lce00103642 | ||
| 040 |
_aCaOONL _beng _cCaOONL |
||
| 055 | 0 | 2 | _aPS8501* |
| 082 | _aC811/.5/4 | ||
| 100 | 1 |
_aAcorn, Milton. _6A74044.1 |
|
| 245 | 1 | 4 |
_aThe Island means Minago / _cMilton Acorn. |
| 260 |
_aToronto : _bNC Press, _c1975. |
||
| 500 | _aPoems. | ||
| 949 |
_aPR9199.3.A18 _wlcc _i-11562 _mMAIN _tBOOK _lON-SHELF |
||
| 004 | 16562 | ||
| 999 |
_c159069 _d159069 |
||